Cumhuriyet Halk Partisi (Record no. 8591)

MARC details
000 -BAŞLIK
Sabit Uzunlukta Kontrol Alanı 00819na a2200301 4500
001 - KONTROL NUMARASI
Denetim Alanı 17892
003 - KONTROL NUMARASI IDENTIFIER
Denetim Alanı MIRAKIL
005 - SON İŞLEM TARİHİ VE ZAMANI
Denetim Alanı 20181213155217.0
008 - SABİT-BOY VERİ ELEMANLARI - GENEL BİLGİLER
Sabit Uzunlukta Kontrol Alanı 161107b tu 000 0
020 ## - ULUSLARARASI STANDART KİTAP NUMARASI
Uluslararası Standart Kitap Numarası 975316792X
035 ## - SİSTEM KONTROL NUMARASI
Sistem Kontrol Numarası 17892
040 ## - KATALOGLAMA KAYNAK
Orijinal Kataloglama Ajansı Milas
Kataloglama Dili tur
Metne Dönüştürmek Ajansı TR-AnCHP
041 ## - DİL KODU
Metin / Ses Parça Veya Ayrı Başlığın Dil Kodu tur
082 ## - DEWEY ONLU SINIFLANDIRMA NUMARASI
Sınıflandırma Numarası CHP 324.2172
Ürün Numarası G94c 2001
090 ## - SINIFLAMA NUMARASI
Sınıflama Numarası CHP 324.2172 G94c 2001
100 ## - ANA GİRİŞ - KİŞİSEL İSİM
Kişisel Ad Gülcan, Yılmaz
245 ## - BAŞLIK TABLOSU
Başlık Cumhuriyet Halk Partisi
Başlığın Kalan 1923-1946
Sorumluluk Tablosu, Vb Yılmaz Gülcan
260 ## - YAYIN, DAĞITIM, VB
Yayın, Dağıtım, Vb Yeri İstanbul
Yayıncı, Dağıtıcı, Vs Adı Alfa
Yayın, Dağıtım, Vb Tarihi 2001
300 ## - FİZİKSEL TANIM
Kapsam 447 s.
Boyutlar 21 sm.
440 ## - SERİSİ TABLOSU / KATMA GİRİŞİ - BAŞLIK
Başlık Alfa yayınları
Hacim / Ardışık Tanımı 902
490 ## - SERİSİ TABLOSU
Seri Beyanı Dizi no
Hacim / Ardışık Tanımı 035
610 ## - KONU KATMA GİRİŞ - TOPLANTI ADI
Giriş Elemanı Olarak Kurumsal Ad Veya Yargı Alanı Adı CHF
Genel Alt Bölüm Tarih
610 ## - KONU KATMA GİRİŞ - TOPLANTI ADI
Giriş Elemanı Olarak Kurumsal Ad Veya Yargı Alanı Adı CHP
Genel Alt Bölüm Tarih
Kronolojik Alt Bölüm 1923-1946
650 ## - KONU KATMA GİRİŞ - TOPİKAL DÖNEM
Topikal Süreli Veya Coğrafi Ad Giriş Elemanı Siyasal partiler
Genel Alt Bölümü CHP
Kronolojik Alt Bölümü Tarih
651 ## - KONU KATMA GİRİŞ - COĞRAFİ ADI
Coğrafi İsim Türkiye
Genel Alt Bölümü Siyaset ve yönetim
Kronolojik Alt Bölümü 1923-1946
830 ## - SERİSİ EKLENDİ GİRİŞ - ÜNİFORM ADI
Üniforma Başlık CHP Yayınları
942 ## - EKLENDİ GİRİŞ ELEMANLARI (KOHA)
Sınıflandırma Veya Raf Düzeni Kaynak Dewey Decimal Classification
Koha Öğesi Türü Books
999 ## - SİSTEM KONTROL NUMARALARI (KOHA)
Koha Biblionumber 8591
Koha Biblioitemnumber 8591
Holdings
Kalıcı Konum Mevcut Konum Edinme Tarihi Edinim Kaynak Toplam Check-Out'Lar Toplam Yenileme Tam Çağrı Numarası Barkod Kontrol Edildi Tarih Son Görülme Tarihi Geçen Teslim İtibaren Geçerli Fiyatlar Koha Öğesi Türü
CHP Kütüphanesi CHP Kütüphanesi 11/07/2016 Bağış 1 3 CHP 324.2172 G94c 2001 009207 11/25/2019 09/02/2019 09/02/2019 11/07/2016 Books